Actualités du mois de juin 2025 - Statistiques

Statistiques générales
  • Ce quiz a été pris 69 fois
  • Le résultat moyen est 5 sur 10
Statistiques - réponses
Dates Questions Réponse % Correct
13 juin Contre quel pays Israël a entamé un conflit armé ? Iran
90%
5 juin Quelle joueuse de tennis française a joué la demi finale simple à Roland-Garros ? Loïs Boisson
70%
9 juin Quelle députée européenne a été arrêté par Israël pour avoir fait parti de l'équipage du bateau humanitaire Madleen qui tentait de rallier Gaza ? Rima Hassan
62%
6 juin Quelle nouvelle console de jeux a été lancée ? Switch 2
59%
6 juin Quel a été le premier État des États-Unis où des émeutes sont survenues en réaction à des raids menés par les institutions de l'immigration ? Californie
54%
27 juin Avec quel État la République démocratique du Congo a signé un accord de paix à Washington ? Rwanda
51%
12 juin De quelle compagnie aérienne s'est-il écrasé au décollage et dont le bilan est 241 morts et un seul survivant ? Air India
38%
15-17 juin Où s'est déroulé le sommet du G7 ? Kananaskis, Canada
36%
2 juin Quel officier a été élevé au rang de général de brigade par l’Assemblée nationale, à titre posthume ? Alfred Dreyfus
28%
17 juin Quel homme politique français a été condamné en appel à 4 ans de prison avec sursis, 375 000 euros d'amende et 5 ans d'inéligibilité ? François Fillon
26%
Aucun quiz correspondant
Distribution des résultats
% des personnes avec chaque résultat
Percentile par nombre de réponses
Votre historique - résultats
Vous n’avez pas pris ce quiz